| 000 | 01138nam a2200253Ia 4500 | ||
|---|---|---|---|
| 003 | Ost | ||
| 005 | 20260507075414.0 | ||
| 008 | 260507s9999||||xx |||||||||||||| ||und|| | ||
| 020 | _a978977627434 | ||
| 040 | _cfsecg | ||
| 041 | _aara | ||
| 082 | _a600 | ||
| 100 |
_aالظاهر، أحمد _eمؤلف |
||
| 245 | 0 |
_aمبادئ المحاسبة / _c أحمد الظاهر |
|
| 260 |
_aالقاهرة: _bالشركة العربية المتحدة للتسويق والتوريدات, _c2008 |
||
| 300 |
_a326 صفحة؛ _bإيضاحات ؛ _c24 سم |
||
| 504 | _aالمراجع ص.326 | ||
| 520 | _aيضم اليوميات المساعدة وحسابات المراقبة، الأصول المتداولة(العمليات النقدية)، الأصول المتداولة(الذمم المدينة)، أنواع التسويات الجردية، الأخطاء المحاسبية ومعالجتها، الأصول الثابثة | ||
| 653 | _aاستهلاك الأصول | ||
| 653 | _aالمحاسبة | ||
| 653 | _aمراجعة الحسابات | ||
| 700 |
_aيوسف، سعادة _eمؤلف ثانوي |
||
| 942 | _cكتاب | ||
| 999 |
_c44435 _d44435 |
||